| 000 | 00910nam a2200229 a 4500 | ||
|---|---|---|---|
| 001 | 71675 | ||
| 003 | BD-RjUL | ||
| 005 | 20211209082139.0 | ||
| 008 | 170507s1975 ne a b 100 0 eng | ||
| 020 | _a0444108297 (New York) | ||
| 035 | _a(BD-RjUL)71891 | ||
| 040 |
_aDLC _cDLC _dDLC _dBD-RjUL _beng |
||
| 041 | _aeng | ||
| 082 | 0 | 0 |
_223 _a530.13 _bFUN 1975 |
| 245 | 1 | 0 |
_aFundamental problems in statistical mechanics III : _bproceedings of the International Summer School on Fundamental Problems in Statistical Mechanics III, Wageningen, the Netherlands, July 29- August 15, 1974 / _ceditor, E. G. D. Cohen. |
| 260 |
_aAmsterdam : _bNorth-Holland Pub. Co. ; _aNew York : _bAmerican Elsevier, _c1975. |
||
| 300 |
_axi, 414 p. : _bill. ; _c27 cm. |
||
| 504 | _aIncludes bibliographical references. | ||
| 650 | 0 |
_aStatistical mechanics _xCongresses. _9212062 |
|
| 700 | 1 |
_aCohen, E. G. D. _9212063 |
|
| 942 |
_2ddc _cBK |
||
| 999 |
_c71675 _d71675 |
||